أحكام اللقيط في الفقه الإسلامي وتطبيقها في مدينة جالا بتايلاند /
Saved in:
| 主要作者: | |
|---|---|
| 其他作者: | |
| 格式: | Thesis |
| 語言: | Arabic |
| 出版: |
Gombak, Selangor :
al-Jami'ah al-Islamiyah al-'Alamiyah bi- Maliziya,
2005
|
| 主題: | |
| 在線閱讀: | Click here to view 1st 24 pages of the thesis. Members can view fulltext at the specified PCs in the library. |
| 標簽: |
添加標簽
沒有標簽, 成為第一個標記此記錄!
|
| LEADER | 025750000a22004450004500 | ||
|---|---|---|---|
| 001 | 323009 | ||
| 005 | 20230222101414.0 | ||
| 006 | |||
| 008 | 050722s2005 my g 000 0 ara d | ||
| 035 | |a (Sirsi) 323009 | ||
| 040 | |a UIAM |b eng | ||
| 050 | 0 | 0 | |a BP158.5.J45 |
| 100 | 1 | |a جارونج، اسمان |9 35156 | |
| 242 | 1 | 0 | |a Ahkam al-laqit fi al-fiqh al-Islami wa tatbiquha fi madinah Jala bi-Tayland |
| 245 | 1 | 0 | |a أحكام اللقيط في الفقه الإسلامي وتطبيقها في مدينة جالا بتايلاند / |c إعداد إسمات جارونج |
| 260 | |a Gombak, Selangor : |b al-Jami'ah al-Islamiyah al-'Alamiyah bi- Maliziya, |c 2005 | ||
| 300 | |a 122 leaves ; |c 30 cm. + |e magnetic disc ( 3 1/2 in.) | ||
| 336 | |2 rdacontent | ||
| 337 | |2 rdamedia | ||
| 338 | |2 rdacarrier | ||
| 500 | |a "Bahth takmili muqaddama li-nayl darjat al-majistir fi 'ulum al-wahy wa-al-turath (al-Fiqh wa Usuluh al-Fiqh)" --On t.p | ||
| 500 | |a Abstracts in English and Arabic | ||
| 502 | |a Thesis (MIRKH) -- International Islamic University Malaysia, 2005 | ||
| 530 | |a Also available on 31/2 in. computer disk. | ||
| 650 | 0 | |a Foundlings |x Yala Province |z Thailand |9 35157 | |
| 650 | 0 | |a Abandoned children |x Legal status, laws. etc. Yala Province |z Thailand |9 35158 | |
| 650 | 0 | |a Children (Islamic law) |9 26891 | |
| 650 | 0 | |a Abandoned children |x Religious aspects Islam |9 35159 | |
| 655 | 0 | 7 | |a Theses, IIUM local |
| 690 | 0 | |a Dissertations, Academic |x Department of Fiqh and Usul al-Fiqh |z IIUM | |
| 700 | 1 | |a Jarong, Isman |9 35160 | |
| 730 | 0 | |a Ahkam al-laqit fi al-fiqh al-Islami wa tatbiquha fi madinah Jala bi-Tayland (Computer file) |9 35161 | |
| 856 | 4 | |u http://studentrepo.iium.edu.my/handle/123456789/8925 |z Click here to view 1st 24 pages of the thesis. Members can view fulltext at the specified PCs in the library. | |
| 900 | |a naw-ami-hm | ||
| 942 | |2 lcc |n 0 | ||
| 999 | |c 431822 |d 466841 | ||
| 952 | |0 0 |6 T BP 158.5 J45 J37A 2005 |7 0 |8 THESES |9 751636 |a IIUM |b IIUM |c MULTIMEDIA |g 0.00 |o t BP 158.5 J45 J37A 2005 |p 00011275333 |r 2017-10-17 |t 1 |v 0.00 |y THESIS | ||
| 952 | |0 0 |6 LU T BP 158.5 J45 J37A 2005 |7 0 |8 THESES |9 753993 |a IIUM |b IIUM |c CLOSEACCES |g 0.00 |o lu t BP 158.5 J45 J37A 2005 |p 00000931776 |r 2017-10-24 |t 2 |v 0.00 |y THESIS | ||
| 952 | |0 0 |6 LU T BP 158.5 J45 J37A 2005 |7 0 |8 THESES |9 753994 |a IIUM |b IIUM |c CLOSEACCES |g 0.00 |o lu t BP 158.5 J45 J37A 2005 |p 00000931777 |r 2017-10-24 |t 1 |v 0.00 |y THESIS | ||
| 952 | |0 0 |1 7 |6 TS CDF BP158.5J45J37A 2005 |7 18 |8 THESES |9 988964 |a IIUM |b IIUM |c MULTIMEDIA |g 0.00 |o ts cdf BP158.5J45J37A 2005 |p 00000931778 |r 1900-01-02 |t 1 |v 0.00 |y THESISDIG | ||
